[Event "XVIII Festival Conca della Presolana Magistrale"]
[Site "Bratto - Castione della Presolana ITA"]
[Date "1998.08.??"]
[Round "8"]
[White "Ragonese, Lucio Rosario"]
[Black "Astengo, Corrado"]
[Result "0-1"]
[WhiteElo "2035"]
[BlackElo "2160"]
[PlyCount "42"]
[EventDate "1998.08.22"]

1. d4 Nf6 2. Nf3 e6 3. Bg5 b6 4. e3 Bb7 5. Bd3 Be7 6. Nbd2 d6 7. c3 Nbd7 8. Qc2
h6 9. Bh4 g5 10. Bg3 g4 11. Nh4 Nf8 12. Qa4+ N6d7 13. d5 Bxh4 14. Qxg4 Bxg3 15.
dxe6 Bxf2+ 16. Kxf2 Nxe6 17. Nf3 Qf6 18. Rhf1 O-O-O 19. Qa4 Nec5 20. Qc2 Nxd3+
21. Qxd3 Ne5 0-1

[Event "X Festival Magistrale"]
[Site "Porto San Giorgio ITA"]
[Date "1998.08.21"]
[Round "1"]
[White "Badea, Bela"]
[Black "Ciampi, Vincenzo"]
[Result "1-0"]
[WhiteElo "2530"]
[BlackElo "2145"]
[PlyCount "65"]
[EventDate "1998.08.21"]

1. Nf3 e6 2. g3 Nf6 3. Bg2 d5 4. O-O Be7 5. c4 O-O 6. d4 c6 7. b3 a5 8. Nc3 b6
9. Bb2 Bb7 10. Qc2 Nbd7 11. Rfd1 Qb8 12. Nd2 c5 13. dxc5 Bxc5 14. cxd5 exd5 15.
Nf3 Re8 16. e3 Ne4 17. Nxd5 a4 18. b4 Bd6 19. Nh4 Ng5 20. Nf5 Bf8 21. f4 Ne6
22. Qc3 f6 23. Nde7+ Bxe7 24. Rxd7 Bxg2 25. Nxe7+ Kf8 26. Nf5 Rc8 27. Qd3 Bc6
28. Rd6 Rd8 29. b5 Be8 30. Ba3 Nc5 31. Bxc5 bxc5 32. Rd1 Rxd6 33. Nxd6 1-0

[Event "X Festival Magistrale"]
[Site "Porto San Giorgio ITA"]
[Date "1998.08.21"]
[Round "1"]
[White "Khenkin, Igor"]
[Black "Ventura, Sergio"]
[Result "1-0"]
[WhiteElo "2600"]
[BlackElo "2185"]
[PlyCount "79"]
[EventDate "1998.08.21"]

1. d4 f5 2. g3 g6 3. Bg2 Bg7 4. c3 Nf6 5. Nd2 c6 6. Qb3 Qb6 7. Nh3 d6 8. Nc4
Qxb3 9. axb3 Nbd7 10. Ng5 d5 11. Ne6 Kf7 12. Ng5+ Ke8 13. Na5 Nf8 14. h4 h6 15.
Nf3 Ne4 16. Bf4 Ne6 17. Be5 Bf6 18. b4 Nd6 19. e3 Nf7 20. c4 Bxe5 21. Nxe5 Nxe5
22. dxe5 Nc7 23. cxd5 Nxd5 24. b5 e6 25. bxc6 bxc6 26. Nxc6 Rh7 27. e4 fxe4 28.
Bxe4 Rc7 29. Bxg6+ Kd7 30. Nd4 Rb8 31. O-O Rxb2 32. Ra5 a6 33. Nf5 exf5 34.
Rxd5+ Ke7 35. Rd6 f4 36. gxf4 Rc4 37. f5 Rg4+ 38. Kh2 Rb3 39. f6+ Kf8 40. Rd8#
1-0

[Event "X Festival Magistrale"]
[Site "Porto San Giorgio ITA"]
[Date "1998.08.21"]
[Round "1"]
[White "Sebastianelli, Dario"]
[Black "Glek, Igor V."]
[Result "0-1"]
[WhiteElo "2180"]
[BlackElo "2580"]
[PlyCount "80"]
[EventDate "1998.08.21"]

1. e4 e6 2. d4 d5 3. Nc3 Nf6 4. Bg5 Bb4 5. e5 h6 6. Bd2 Bxc3 7. bxc3 Ne4 8. Bd3
Nxd2 9. Qxd2 c5 10. Nf3 Nc6 11. O-O Qa5 12. Rfd1 cxd4 13. cxd4 Qxd2 14. Rxd2
Bd7 15. Rb1 Na5 16. Rdd1 Rc8 17. Kf1 Ke7 18. Ke2 Rc3 19. Rb2 Rhc8 20. Nd2 b6
21. Nb1 R3c7 22. Na3 f6 23. f4 Rf8 24. Rf1 g5 25. exf6+ Rxf6 26. fxg5 Rxf1 27.
Kxf1 hxg5 28. Ke2 Rc8 29. Rb1 Rc3 30. Nb5 Bxb5 31. Rxb5 Ra3 32. Rb2 Nc6 33. Ke3
Kd6 34. h3 e5 35. dxe5+ Nxe5 36. Kd2 Kc5 37. Rb5+ Kc6 38. Rb2 a6 39. Rb1 Nxd3
40. cxd3 Rxa2+ 0-1

[Event "X Festival Magistrale"]
[Site "Porto San Giorgio ITA"]
[Date "1998.08.21"]
[Round "1"]
[White "Suppa, Ercole"]
[Black "Inkiov, Ventzislav V."]
[Result "1/2-1/2"]
[WhiteElo "2115"]
[BlackElo "2495"]
[PlyCount "111"]
[EventDate "1998.08.21"]

1. d4 Nf6 2. Nf3 e6 3. Bg5 h6 4. Bxf6 Qxf6 5. c3 c5 6. e4 Nc6 7. e5 Qd8 8. Nbd2
cxd4 9. cxd4 b6 10. Bd3 Bb7 11. O-O Nb4 12. Be4 Nd5 13. Rc1 Be7 14. a3 O-O 15.
Re1 Rc8 16. Qe2 Rxc1 17. Rxc1 Qa8 18. g3 Rc8 19. Rxc8+ Qxc8 20. Qc4 Qb8 21. h4
d6 22. Bc2 h5 23. Qd3 g6 24. Ne4 Qc7 25. exd6 Bxd6 26. Nxd6 Qxd6 27. Ne5 Ne7
28. Qb5 Nc6 29. Nxc6 Bxc6 30. Qe5 Qd7 31. Be4 Bxe4 32. Qxe4 a5 33. Qe5 Qc6 34.
Qe3 b5 35. Qc3 Qa8 36. Qc5 Qb7 37. b3 a4 38. Qb4 Qc6 39. bxa4 bxa4 40. Kf1 Qc2
41. Qb8+ Kg7 42. Qe5+ Kh7 43. Qc5 Qe4 44. Qf8 Qb7 45. Ke2 Qc7 46. Qc5 Qd7 47.
Ke3 Kg7 48. Kd3 Qb7 49. Ke3 Qb2 50. Kf3 Qb3+ 51. Ke2 Qb1 52. Kf3 Qd3+ 53. Kg2
Qe4+ 54. Kf1 Kg8 55. Qc8+ Kg7 56. Qc5 1/2-1/2

[Event "X Festival Magistrale"]
[Site "Porto San Giorgio ITA"]
[Date "1998.08.22"]
[Round "2"]
[White "Aleksic, Nenad"]
[Black "Capuano, Ruggiero"]
[Result "1-0"]
[WhiteElo "2445"]
[BlackElo "2235"]
[PlyCount "55"]
[EventDate "1998.08.21"]

1. e4 c5 2. Nf3 d6 3. d4 cxd4 4. Nxd4 Nf6 5. Nc3 Nc6 6. Bg5 e6 7. Qd3 a6 8.
O-O-O Bd7 9. f4 Be7 10. Nb3 Rc8 11. Bxf6 gxf6 12. Be2 Na5 13. Kb1 Nxb3 14. axb3
Qa5 15. Qh3 Kd8 16. Bh5 Be8 17. Rhe1 Kc7 18. f5 Qe5 19. Ne2 Kb8 20. Nd4 Qc5 21.
fxe6 fxe6 22. Bxe8 e5 23. Bd7 Rc7 24. b4 Qxb4 25. c3 Qb6 26. Nc2 Rg8 27. Be6
Rg5 28. Nb4 1-0

[Event "X Festival Magistrale"]
[Site "Porto San Giorgio ITA"]
[Date "1998.08.22"]
[Round "2"]
[White "Bontempi, Piero"]
[Black "Schweiger, Georg"]
[Result "1-0"]
[WhiteElo "1933"]
[BlackElo "2220"]
[PlyCount "83"]
[EventDate "1998.08.21"]

1. e4 d5 2. exd5 Nf6 3. c4 e6 4. d4 exd5 5. Nc3 Bb4 6. Nf3 O-O 7. Be2 dxc4 8.
O-O Bg4 9. Bxc4 Nc6 10. Be3 a6 11. Be2 Nd5 12. Bg5 Qd7 13. Ne4 h6 14. Bc1 Rae8
15. Nc5 Qe7 16. Bc4 Nb6 17. Bb3 Bxf3 18. gxf3 Nxd4 19. Qxd4 Bxc5 20. Qg4 Qf6
21. Bf4 Re7 22. Rac1 Bd6 23. Be3 Nd7 24. f4 Kh8 25. Kh1 b6 26. Rfd1 Rg8 27. Rc6
Qxb2 28. Bd4 Qe2 29. f3 Kh7 30. Rg1 g6 31. Rd1 Qb5 32. Rxd6 cxd6 33. Bc2 Rge8
34. Rg1 Nf8 35. f5 Kg8 36. fxg6 f5 37. Qh5 Re1 38. Bb3+ d5 39. Qxf5 Rxg1+ 40.
Bxg1 Qd7 41. Bxd5+ Kg7 42. Bd4+ 1-0

[Event "X Festival Magistrale"]
[Site "Porto San Giorgio ITA"]
[Date "1998.08.22"]
[Round "2"]
[White "Borgiani, Flavio"]
[Black "Mrdja, Milan"]
[Result "0-1"]
[WhiteElo "2065"]
[BlackElo "2430"]
[PlyCount "44"]
[EventDate "1998.08.21"]

1. e4 Nf6 2. e5 Nd5 3. Bc4 Nb6 4. Bb3 c5 5. a4 d5 6. d3 e6 7. Qg4 Nc6 8. Nf3
Qc7 9. Bf4 c4 10. dxc4 dxc4 11. Ba2 Nb4 12. Na3 c3 13. b3 Bd7 14. O-O h6 15.
Nd4 a6 16. Nc4 Nxc4 17. bxc4 Nxa2 18. Rxa2 Qxc4 19. Raa1 Qxd4 20. Rfd1 Qc4 21.
Rxd7 Kxd7 22. Rd1+ Ke8 0-1

[Event "X Festival Magistrale"]
[Site "Porto San Giorgio ITA"]
[Date "1998.08.22"]
[Round "2"]
[White "Citti, Gianluca"]
[Black "Rago, Riccardo"]
[Result "1-0"]
[WhiteElo "1959"]
[BlackElo "2195"]
[PlyCount "55"]
[EventDate "1998.08.21"]

1. e4 c5 2. Nc3 Nc6 3. g3 d6 4. Bg2 Nf6 5. Nge2 g6 6. d3 Bg7 7. O-O O-O 8. h3
e5 9. f4 Ne8 10. f5 Nc7 11. g4 b5 12. Ng3 g5 13. f6 Bxf6 14. Nd5 Nxd5 15. exd5
Na5 16. h4 gxh4 17. Ne4 Bg7 18. g5 f5 19. gxf6 Bxf6 20. Bh6 Bg7 21. Qh5 h3 22.
Bxg7 Kxg7 23. Rxf8 Qxf8 24. Rf1 hxg2 25. Rxf8 Kxf8 26. Nxd6 Ke7 27. Qxe5+ Kd7
28. Nxb5 1-0

[Event "X Festival Magistrale"]
[Site "Porto San Giorgio ITA"]
[Date "1998.08.22"]
[Round "2"]
[White "Corvi, Marco"]
[Black "Badea, Bela"]
[Result "1/2-1/2"]
[WhiteElo "2305"]
[BlackElo "2530"]
[PlyCount "32"]
[EventDate "1998.08.21"]

1. c4 g6 2. Nc3 Bg7 3. g3 e5 4. Bg2 Ne7 5. e4 d6 6. Nge2 Be6 7. d3 c6 8. Be3
Qd7 9. O-O h5 10. h4 Na6 11. b3 f5 12. d4 O-O 13. dxe5 Bxe5 14. Qd2 fxe4 15.
Rad1 Nf5 16. Nxe4 Qe8 1/2-1/2

[Event "X Festival Magistrale"]
[Site "Porto San Giorgio ITA"]
[Date "1998.08.22"]
[Round "2"]
[White "Davies, Nigel R."]
[Black "Voiska, Margarita"]
[Result "1-0"]
[WhiteElo "2530"]
[BlackElo "2350"]
[PlyCount "57"]
[EventDate "1998.08.21"]

1. d4 g6 2. e4 Bg7 3. Nc3 d6 4. Bg5 Nd7 5. Qd2 h6 6. Bh4 a6 7. f4 b5 8. a4 b4
9. Nd5 a5 10. e5 Bb7 11. Bc4 Qb8 12. Nf3 e6 13. Ne3 Bxf3 14. gxf3 c6 15. Rg1
Bf8 16. Bxe6 fxe6 17. Qd3 Ne7 18. Rxg6 dxe5 19. Rxe6 Kf7 20. Qb3 Ke8 21. Nf5
Rh7 22. fxe5 Nb6 23. Bxe7 Rxe7 24. Rxc6 Qd8 25. O-O-O Nc8 26. Qg8 Kd7 27. Qd5+
Ke8 28. Rd6 Nxd6 29. Nxd6+ 1-0

[Event "X Festival Magistrale"]
[Site "Porto San Giorgio ITA"]
[Date "1998.08.22"]
[Round "2"]
[White "Glek, Igor V."]
[Black "Van der Werf, Mark"]
[Result "1-0"]
[WhiteElo "2580"]
[BlackElo "2415"]
[PlyCount "81"]
[EventDate "1998.08.21"]

1. e4 d5 2. exd5 Qxd5 3. Nc3 Qa5 4. Nf3 Nf6 5. Be2 g6 6. O-O Bg7 7. Re1 O-O 8.
Bc4 Bg4 9. h3 Bxf3 10. Qxf3 Nc6 11. d3 Nd4 12. Qd1 e6 13. Bd2 c5 14. Ne4 Qc7
15. c3 Nxe4 16. dxe4 Nc6 17. Bg5 h6 18. Be3 Rfd8 19. Qc1 Kh7 20. f4 Rd7 21. Qc2
Rad8 22. Qf2 Ne7 23. Bb5 Rd6 24. Ba4 b6 25. Bc2 Kg8 26. f5 e5 27. Re2 Nc8 28.
Rf1 c4 29. Qe1 g5 30. h4 f6 31. b3 Rc6 32. bxc4 Kf8 33. c5 bxc5 34. Ba4 Ra6 35.
Bb5 Ra5 36. Bc4 Nd6 37. Bd5 Ke7 38. c4 Ra4 39. Qf2 Nxc4 40. Bxc5+ Ke8 41. Rc2
1-0

[Event "X Festival Magistrale"]
[Site "Porto San Giorgio ITA"]
[Date "1998.08.22"]
[Round "2"]
[White "Inkiov, Ventzislav V."]
[Black "De Vita, Igor"]
[Result "1-0"]
[WhiteElo "2495"]
[BlackElo "2155"]
[PlyCount "75"]
[EventDate "1998.08.21"]

1. d4 Nf6 2. c4 d6 3. Nf3 g6 4. Nc3 Bg7 5. Bg5 Nbd7 6. e3 c6 7. Qc2 O-O 8. Be2
Qc7 9. O-O e5 10. Rad1 Re8 11. dxe5 dxe5 12. Nd2 Nf8 13. Bxf6 Bxf6 14. Nde4 Be7
15. c5 Be6 16. Nd6 Red8 17. Nce4 f5 18. Bc4 fxe4 19. Bxe6+ Nxe6 20. Qb3 Bxd6
21. Qxe6+ Qf7 22. Rxd6 Rxd6 23. Qxd6 Re8 24. b3 Qf8 25. Qc7 Qe7 26. Qa5 Rd8 27.
Qxa7 Rd2 28. h3 Kg7 29. Qa5 Qd7 30. Qb4 Rxa2 31. Qxe4 Qe7 32. b4 Rd2 33. f4 Rd5
34. f5 Qf6 35. Kh2 Rd2 36. Rf3 g5 37. Rf1 Kh6 38. Ra1 1-0

[Event "X Festival Magistrale"]
[Site "Porto San Giorgio ITA"]
[Date "1998.08.22"]
[Round "2"]
[White "Lauria, Amilcare"]
[Black "Fregonese, Giulio"]
[Result "0-1"]
[WhiteElo "2255"]
[BlackElo "2110"]
[PlyCount "88"]
[EventDate "1998.08.21"]

1. e4 e5 2. Nf3 Nc6 3. Bb5 f5 4. d3 fxe4 5. dxe4 Nf6 6. Bg5 Bc5 7. Nc3 d6 8.
Qd2 O-O 9. Bc4+ Kh8 10. O-O-O Na5 11. Bd3 Be6 12. Nd5 Nc6 13. h3 Ne7 14. Bxf6
gxf6 15. Nh4 c6 16. Nxe7 Qxe7 17. Nf5 Bxf5 18. exf5 e4 19. Rde1 Qf7 20. Rxe4
Qxa2 21. c3 d5 22. Re6 d4 23. Rhe1 Rad8 24. c4 b5 25. Rxc6 bxc4 26. Bb1 c3 27.
Bxa2 cxd2+ 28. Kxd2 Bb4+ 29. Kd1 Bxe1 30. Kxe1 Rb8 31. b3 Rb6 32. Rxb6 axb6 33.
b4 Ra8 34. Bd5 Ra1+ 35. Kd2 Rb1 36. Kd3 Rxb4 37. Bc4 Kg7 38. g4 Kf8 39. f4 h6
40. h4 Kg7 41. g5 Rb2 42. Kxd4 Rh2 43. gxh6+ Kxh6 44. Kd5 Rxh4 0-1

[Event "X Festival Magistrale"]
[Site "Porto San Giorgio ITA"]
[Date "1998.08.22"]
[Round "2"]
[White "Marzano, Carlo"]
[Black "Naumkin, Igor"]
[Result "0-1"]
[WhiteElo "2185"]
[BlackElo "2475"]
[PlyCount "54"]
[EventDate "1998.08.21"]

1. Nf3 Nf6 2. d4 e6 3. Bg5 b6 4. Nbd2 Bb7 5. e3 Be7 6. Bd3 h6 7. Bh4 c5 8. O-O
Nc6 9. c3 O-O 10. a3 cxd4 11. cxd4 Nd5 12. Bxe7 Ncxe7 13. Qe2 a6 14. Rfc1 f5
15. Nc4 d6 16. Rc2 Ng6 17. g3 b5 18. Ncd2 Qf6 19. e4 Ndf4 20. gxf4 Nxf4 21. Qf1
Nxd3 22. e5 Qg6+ 23. Kh1 Nf4 24. Rc7 Bd5 25. Qg1 Qg4 26. Qxg4 fxg4 27. Rg1 Nh3
0-1

[Event "X Festival Magistrale"]
[Site "Porto San Giorgio ITA"]
[Date "1998.08.22"]
[Round "2"]
[White "Rotstein, Arkadij"]
[Black "Iotti, Pierluigi"]
[Result "1-0"]
[WhiteElo "2515"]
[BlackElo "2320"]
[PlyCount "51"]
[EventDate "1998.08.21"]

1. c4 b6 2. d4 Nf6 3. Nc3 Bb7 4. f3 c5 5. d5 d6 6. e4 g6 7. Nh3 Bg7 8. Bg5 O-O
9. Qd2 Re8 10. O-O-O Na6 11. Bh6 Bh8 12. Ng5 Nc7 13. h4 a6 14. g4 b5 15. h5
bxc4 16. hxg6 fxg6 17. Bxc4 Nb5 18. Ne2 Qb6 19. Ne6 Bc8 20. N2f4 Bxe6 21. dxe6
Rab8 22. Nxg6 Na3 23. Bb3 Nxe4 24. fxe4 Bf6 25. Be3 Qb5 26. Qh2 1-0

[Event "X Festival Magistrale"]
[Site "Porto San Giorgio ITA"]
[Date "1998.08.22"]
[Round "2"]
[White "Sedina, Elena"]
[Black "Khenkin, Igor"]
[Result "0-1"]
[WhiteElo "2410"]
[BlackElo "2600"]
[PlyCount "102"]
[EventDate "1998.08.21"]

1. e4 c6 2. d4 d5 3. Nd2 dxe4 4. Nxe4 Bf5 5. Ng3 Bg6 6. N1e2 e6 7. Nf4 Qc7 8.
Bc4 Nf6 9. c3 Bd6 10. Qf3 Nbd7 11. h4 e5 12. Nxg6 hxg6 13. Be3 Nb6 14. Bb3 a5
15. Ne4 Nxe4 16. dxe5 Bc5 17. Qxe4 Bxe3 18. fxe3 a4 19. Bc2 Ra5 20. e6 Qg3+ 21.
Ke2 f5 22. Qf3 Qxf3+ 23. gxf3 Re5 24. Kf2 Rxe6 25. a3 Ke7 26. Rae1 Nc4 27. Bxa4
Nxb2 28. Bc2 Rd8 29. Re2 Nd3+ 30. Bxd3 Rxd3 31. Rc1 b5 32. c4 Rxa3 33. cxb5
cxb5 34. Rb1 Ra4 35. Rxb5 Rxh4 36. Rb7+ Kf6 37. Reb2 Rh2+ 38. Kg3 Rxb2 39. Rxb2
Rxe3 40. Kf4 Re6 41. Rb5 g5+ 42. Kg3 Re2 43. Rb6+ Kf7 44. Ra6 g6 45. Ra7+ Kf6
46. Ra6+ Kg7 47. Kh3 Rb2 48. Ra5 Rb4 49. Kg3 g4 50. f4 Rb3+ 51. Kg2 Rf3 0-1

[Event "X Festival Magistrale"]
[Site "Porto San Giorgio ITA"]
[Date "1998.08.22"]
[Round "2"]
[White "Sermek, Drazen"]
[Black "Galioto, Giovanni"]
[Result "1-0"]
[WhiteElo "2550"]
[BlackElo "1984"]
[PlyCount "89"]
[EventDate "1998.08.21"]

1. e4 Nc6 2. Nf3 d6 3. d4 Bg4 4. d5 Nb8 5. Be2 g6 6. O-O Bg7 7. c4 Nf6 8. Nc3
O-O 9. Qb3 Nbd7 10. Be3 c5 11. dxc6 bxc6 12. Qc2 Qc7 13. Rad1 Rfd8 14. b3 Nf8
15. Rd2 e5 16. Rfd1 Ne6 17. Ng5 Bxe2 18. Nxe2 Rd7 19. Nxe6 fxe6 20. f3 d5 21.
Kf1 d4 22. Bg5 Nh5 23. g4 Bf6 24. Be3 Ng7 25. Kg2 Rad8 26. Bf2 Bg5 27. Rd3 c5
28. Re1 Rf7 29. h4 Bf4 30. Nxf4 exf4 31. e5 Qb7 32. Qe2 h5 33. Qe4 Qxe4 34.
Rxe4 a5 35. Be1 a4 36. b4 Rb7 37. b5 Rf8 38. Bd2 Ra8 39. Bc1 a3 40. Rxa3 Rba7
41. Rxa7 Rxa7 42. Re2 Ne8 43. Rb2 Kf7 44. b6 Rb7 45. a4 1-0

[Event "X Festival Magistrale"]
[Site "Porto San Giorgio ITA"]
[Date "1998.08.22"]
[Round "2"]
[White "Skembris, Spyridon"]
[Black "Suppa, Ercole"]
[Result "1-0"]
[WhiteElo "2480"]
[BlackElo "2115"]
[PlyCount "53"]
[EventDate "1998.08.21"]

1. d4 Nf6 2. c4 g6 3. Nc3 Bg7 4. e4 d6 5. Bd3 c5 6. d5 Qa5 7. Nge2 b5 8. cxb5
a6 9. O-O O-O 10. Bd2 axb5 11. Nxb5 Qb6 12. a4 Ba6 13. Nec3 Nbd7 14. Kh1 h5 15.
f4 Ng4 16. Qe2 Rfc8 17. Bc4 Bd4 18. h3 Ngf6 19. Be1 Kg7 20. Rd1 Bxb5 21. Bxb5
Rab8 22. Bf2 Bxf2 23. Rxf2 Qc7 24. e5 dxe5 25. d6 exd6 26. fxe5 Nxe5 27. Rxf6
1-0

[Event "X Festival Magistrale"]
[Site "Porto San Giorgio ITA"]
[Date "1998.08.22"]
[Round "2"]
[White "Trabert, Bettina"]
[Black "Vera Gonzalez-Quevedo, Reynaldo"]
[Result "0-1"]
[WhiteElo "2225"]
[BlackElo "2530"]
[PlyCount "120"]
[EventDate "1998.08.21"]

1. e4 c5 2. c3 Nf6 3. e5 Nd5 4. d4 cxd4 5. Nf3 e6 6. cxd4 d6 7. a3 Bd7 8. Bd3
Bc6 9. O-O Nd7 10. Re1 dxe5 11. dxe5 g6 12. b4 a6 13. Nbd2 Bg7 14. Bb2 O-O 15.
Nc4 Bb5 16. Qb3 Qe7 17. Be4 Bxc4 18. Qxc4 Rfc8 19. Qb3 N7b6 20. Rac1 Bh6 21.
Rxc8+ Rxc8 22. Bd4 Qd7 23. g3 Na4 24. Rd1 b5 25. h4 Rc1 26. Rxc1 Bxc1 27. h5
Qc6 28. hxg6 hxg6 29. Ne1 Bd2 30. Nc2 Bc3 31. Bxd5 exd5 32. Bxc3 Nxc3 33. Nd4
Qc8 34. f3 Kf8 35. Kf2 Qc7 36. Kg2 Ke7 37. Kf2 Kd7 38. Kg2 Qc4 39. Qxc4 dxc4
40. Kf2 Nb1 41. Nc2 Ke6 42. f4 Kd5 43. Ke3 g5 44. Kf3 Nd2+ 45. Ke3 Nb3 46. fxg5
Kxe5 47. g4 Kd5 48. Kf4 c3 49. Ke3 Kc4 50. Ke4 Nd2+ 51. Kf5 Nf3 52. Kf6 Kd3 53.
Na1 c2 54. Nb3 Kc3 55. Nc1 Kd2 56. Na2 c1=Q 57. Nxc1 Kxc1 58. Kxf7 Nxg5+ 59.
Kg6 Nf3 60. Kf5 Kb2 0-1

[Event "X Festival Magistrale"]
[Site "Porto San Giorgio ITA"]
[Date "1998.08.22"]
[Round "2"]
[White "Ulibin, Mikhail"]
[Black "Dorin, Mauricio"]
[Result "1/2-1/2"]
[WhiteElo "2555"]
[BlackElo "2360"]
[PlyCount "70"]
[EventDate "1998.08.21"]

1. e4 e6 2. d4 d5 3. Nc3 Bb4 4. exd5 exd5 5. Bd3 Nc6 6. a3 Bxc3+ 7. bxc3 Qf6 8.
Rb1 b6 9. Qh5 Nge7 10. Bg5 Qd6 11. Ne2 Be6 12. O-O Ng6 13. f4 f5 14. g4 O-O 15.
Ng3 Nge7 16. Bxe7 Nxe7 17. gxf5 Bxf5 18. Bxf5 g6 19. Bxg6 hxg6 20. Qe5 Rad8 21.
Rbe1 Nf5 22. Qe6+ Kg7 23. Re5 Qxe6 24. Rxe6 Rf6 25. Rfe1 Nd6 26. Re7+ Rf7 27.
a4 a5 28. R7e5 Rxf4 29. Rxd5 Rdf8 30. Rg5 Kh6 31. Rd5 Kg7 32. Re6 R4f6 33. Rxf6
Rxf6 34. Re5 Nc4 35. Re4 c6 1/2-1/2

[Event "X Festival Magistrale"]
[Site "Porto San Giorgio ITA"]
[Date "1998.08.22"]
[Round "2"]
[White "Van der Vorm, Teun"]
[Black "Razuvaev, Yuri S."]
[Result "1/2-1/2"]
[WhiteElo "2350"]
[BlackElo "2560"]
[PlyCount "41"]
[EventDate "1998.08.21"]

1. e4 c5 2. Nf3 Nc6 3. d4 cxd4 4. Nxd4 e6 5. Nb5 d6 6. c4 Nf6 7. N1c3 a6 8. Na3
Be7 9. Be2 b6 10. O-O Bb7 11. Be3 Nb8 12. f3 Nbd7 13. Qd2 O-O 14. Rfd1 Qc7 15.
Rac1 Rac8 16. Bf1 Qb8 17. Kh1 h6 18. Nc2 Rfe8 19. Bf2 Ne5 20. Ne3 Bc6 21. a4
1/2-1/2

[Event "X Festival Magistrale"]
[Site "Porto San Giorgio ITA"]
[Date "1998.08.23"]
[Round "3"]
[White "Badea, Bela"]
[Black "Mola, Pietro"]
[Result "1-0"]
[WhiteElo "2530"]
[BlackElo "2205"]
[PlyCount "79"]
[EventDate "1998.08.21"]

1. Nf3 Nf6 2. g3 d5 3. Bg2 c6 4. O-O Bg4 5. b3 e6 6. Bb2 Nbd7 7. c4 Bd6 8. d4
O-O 9. Nbd2 Qe7 10. a3 Rac8 11. Re1 e5 12. cxd5 cxd5 13. h3 Bf5 14. dxe5 Nxe5
15. Nd4 Bg6 16. Nf1 Be4 17. Ne3 Bxg2 18. Kxg2 Qd7 19. Ndf5 Bb8 20. Qd4 Rfd8 21.
Rad1 Qe8 22. a4 Qf8 23. Qh4 Rc6 24. Qg5 Ne4 25. Qe7 Nc3 26. Bxc3 Rxc3 27. Nxd5
Rcc8 28. Qxb7 Kh8 29. Qe7 Nc6 30. Qxf8+ Rxf8 31. b4 g6 32. Nfe3 Be5 33. Rd3 Nd4
34. Kf1 Nc2 35. Rb1 Rfd8 36. Rbd1 Nxe3+ 37. Nxe3 Rxd3 38. Rxd3 Rc1+ 39. Rd1 Rc3
40. Rd8+ 1-0

[Event "X Festival Magistrale"]
[Site "Porto San Giorgio ITA"]
[Date "1998.08.23"]
[Round "3"]
[White "Barlov, Dragan"]
[Black "Corvi, Marco"]
[Result "1-0"]
[WhiteElo "2495"]
[BlackElo "2305"]
[PlyCount "57"]
[EventDate "1998.08.21"]

1. e4 c5 2. Nf3 e6 3. d3 Nc6 4. g3 d6 5. Bg2 Nf6 6. O-O Be7 7. Re1 O-O 8. c3
Qc7 9. Nbd2 d5 10. Qe2 b6 11. e5 Nd7 12. Nf1 a5 13. h4 Ba6 14. N1h2 b5 15. Bf4
Nb6 16. Ng4 Qd8 17. Ng5 b4 18. Qc2 h6 19. Nf3 Rc8 20. h5 bxc3 21. bxc3 d4 22.
c4 Nb4 23. Qd2 Qd7 24. Bxh6 f5 25. exf6 Bxf6 26. Nxf6+ Rxf6 27. Ne5 Qe8 28.
Bxg7 Rf5 29. h6 1-0

[Event "X Festival Magistrale"]
[Site "Porto San Giorgio ITA"]
[Date "1998.08.23"]
[Round "3"]
[White "De Vita, Gianni"]
[Black "Sedina, Elena"]
[Result "0-1"]
[WhiteElo "2130"]
[BlackElo "2410"]
[PlyCount "100"]
[EventDate "1998.08.21"]

1. e4 Nf6 2. e5 Nd5 3. Nc3 Nxc3 4. dxc3 d6 5. Bc4 Nc6 6. Nf3 e6 7. Bg5 Be7 8.
Bxe7 Qxe7 9. Qe2 Bd7 10. O-O O-O 11. Rfe1 dxe5 12. Nxe5 Nxe5 13. Qxe5 Bc6 14.
Rad1 Rad8 15. a3 Rd7 16. Rd4 Rfd8 17. Red1 b6 18. h3 h6 19. R1d3 Qg5 20. Qxg5
hxg5 21. b4 Ba4 22. Rxd7 Rxd7 23. Rxd7 Bxd7 24. f3 f5 25. g3 Kf7 26. Kf2 Kf6
27. g4 g6 28. Bd3 e5 29. c4 c5 30. b5 e4 31. fxe4 fxg4 32. hxg4 Bxg4 33. Ke3
Ke5 34. c3 Bc8 35. Bf1 g4 36. Bg2 g3 37. Kf3 Be6 38. Kxg3 Bxc4 39. Kg4 Bxb5 40.
Kg5 Bd3 41. Bh3 Bxe4 42. Bd7 Bd3 43. Bc6 Bf5 44. Bf3 b5 45. Bc6 a6 46. Bb7 a5
47. Bf3 b4 48. axb4 cxb4 49. cxb4 axb4 50. Bd1 Kd4 0-1

[Event "X Festival Magistrale"]
[Site "Porto San Giorgio ITA"]
[Date "1998.08.23"]
[Round "3"]
[White "Dorin, Mauricio"]
[Black "Sermek, Drazen"]
[Result "0-1"]
[WhiteElo "2360"]
[BlackElo "2550"]
[PlyCount "110"]
[EventDate "1998.08.21"]

1. e4 c5 2. Nf3 e6 3. c3 d5 4. exd5 Qxd5 5. Na3 Nf6 6. d4 Be7 7. Nb5 Na6 8. Be2
cxd4 9. Qxd4 O-O 10. Bg5 Bc5 11. Qxd5 Nxd5 12. b4 h6 13. Bd2 Be7 14. Ne5 Rd8
15. Bh5 Ndxb4 16. Bxf7+ Kf8 17. cxb4 Rd5 18. f4 Rxb5 19. O-O Bxb4 20. Bxb4+
Nxb4 21. Rab1 Rb6 22. a3 Nd5 23. Rbc1 Ke7 24. Bh5 Bd7 25. Bf3 Bc6 26. Rfe1 Nxf4
27. Bxc6 bxc6 28. g3 Nd5 29. Nxc6+ Kd6 30. Nd4 Re8 31. Nf5+ Kd7 32. Nxg7 Rg8
33. Nh5 Rg5 34. g4 Rxg4+ 35. Ng3 Rb3 36. Kh1 Rxa3 37. Rc2 a5 38. Ne4 Ke7 39.
Nc5 Re3 40. Rce2 Rxe2 41. Rxe2 Nf4 42. Re3 Rg5 43. Na4 Kd6 44. h3 Rd5 45. Nb2
Rd4 46. Rc3 Ke7 47. Ra3 Rb4 48. Nd3 Nxd3 49. Rxd3 a4 50. Ra3 Kd6 51. Kg2 Kc5
52. Ra1 Rc4 53. Kf2 Kb4 54. Re1 a3 55. Rxe6 a2 0-1

[Event "X Festival Magistrale"]
[Site "Porto San Giorgio ITA"]
[Date "1998.08.23"]
[Round "3"]
[White "Fercec, Nenad"]
[Black "Glek, Igor V."]
[Result "0-1"]
[WhiteElo "2490"]
[BlackElo "2580"]
[PlyCount "76"]
[EventDate "1998.08.21"]

1. e4 e6 2. d4 d5 3. Nc3 Nf6 4. Bg5 Bb4 5. e5 h6 6. Bd2 Bxc3 7. bxc3 Ne4 8. Qg4
g6 9. Bd3 Nxd2 10. Kxd2 c5 11. h4 Nc6 12. Qf4 Qa5 13. h5 gxh5 14. Nf3 b6 15.
Rxh5 Ba6 16. Bxa6 Qxa6 17. Qf6 Rf8 18. Rxh6 Na5 19. Rh8 Kd7 20. Rh7 Kc6 21.
Rxf7 Nc4+ 22. Ke1 Rxf7 23. Qxe6+ Kb5 24. Qxf7 Rh8 25. Nd2 Rh1+ 26. Ke2 Ka4 27.
Qxd5 Na5+ 28. Nc4 Rxa1 29. Qd7+ b5 30. Nd6 cxd4 31. e6 Qc6 32. cxd4 Qxc2+ 33.
Kf3 Qd3+ 34. Kg4 Rg1 35. g3 Qxd4+ 36. f4 Qd1+ 37. Kf5 Qh5+ 38. Kf6 Rxg3 0-1

[Event "X Festival Magistrale"]
[Site "Porto San Giorgio ITA"]
[Date "1998.08.23"]
[Round "3"]
[White "Fregonese, Giulio"]
[Black "Zlochevskij, Alexander"]
[Result "0-1"]
[WhiteElo "2110"]
[BlackElo "2430"]
[PlyCount "90"]
[EventDate "1998.08.21"]

1. e4 d5 2. exd5 Nf6 3. Bb5+ Bd7 4. Bc4 Bg4 5. f3 Bf5 6. Nc3 Nbd7 7. Qe2 Nb6 8.
Bb3 Qd7 9. d6 cxd6 10. a4 Qc8 11. d3 e6 12. Be3 Nbd7 13. Ne4 Be7 14. c3 d5 15.
Nxf6+ Bxf6 16. d4 Nb6 17. Qb5+ Qd7 18. Qxd7+ Kxd7 19. Ne2 h5 20. h4 Rhc8 21.
Nf4 g6 22. Ke2 Nc4 23. Bc1 Na5 24. Bd1 b6 25. Nd3 Nc4 26. b3 Nd6 27. Bd2 Rc7
28. a5 Bxd3+ 29. Kxd3 b5 30. b4 Rac8 31. Bb3 a6 32. Rac1 Nf5 33. Bf4 Rc6 34. g3
Be7 35. Rhg1 Bd6 36. Bxd6 Kxd6 37. Kd2 Ke7 38. Ba2 Kf6 39. f4 Nd6 40. Bb1 Nc4+
41. Kd3 Nb2+ 42. Kd2 Na4 43. Bd3 Nxc3 44. Ke3 Ke7 45. Rg2 Ne4 0-1